| 000 | 004860000a22001450004500 | ||
|---|---|---|---|
| 003 | MACL | ||
| 005 | 20170916132513.0 | ||
| 008 | 170916b xxu||||| |||| 00| 0 eng d | ||
| 040 | _cmacl | ||
| 100 |
_aसाने,गुरूजी _969122 |
||
| 245 | _aभारतीय संस्कृति | ||
| 260 |
_bदिल्ली _aसत्साहित्य प्रकाशन |
||
| 650 |
_aदर्शनशास्त्र _947739 |
||
| 942 |
_cHIN _k100 _2ddc |
||
| 999 |
_c25209 _d25209 |
||